Statistics for WHERE... Is That Landmark!

Click here to take the quiz!

General Stats

  • This quiz has been taken 31 times
    (22 since last reset)
  • The average score is 11 of 16

Answer Stats

Answer% Correct
London
100%
New York City
100%
Paris
100%
Rio de Janeiro
100%
Athens
95%
Rome
95%
San Francisco
95%
Moscow
90%
Dubai
80%
Barcelona
75%
Giza
75%
Agra
60%
Charlottesville
25%
Salisbury
15%
Siem Reap
10%
Keystone
5%

Score Distribution

Percentile by Number Answered

Percent of People with Each Score

Your Score History

You have not taken this quiz since the last reset